000 00875nam a2200217 4500
001 2162214035924568
003 UA-OsUOA
005 20240108124315.0
008 240108b un ||||| |||| 00| 0 ukr d
040 _aUA-OsUOA
_bukr
_cUA-OsUOA
_dUA-OsUOA
041 _aukr
080 _a(038)=161
090 _a(038)=161
_bЭ90
245 _aЭтимологический словарь славянских языков. Праславянский лексический фонд
_cпод ред. О. Н. Трубачева
_nвып. 9
_p*jьz — *klenьje
260 _aМосква
_bНаука
_c1983
650 _2UDC
856 4 0 _uhttps://archive.org/details/B-001-004-137/essja09/
942 _2udc
_cBK
955 _a1
999 _c575710
_d575710